UBT Library

Statutes on family law : (Record no. 336)

000 -LEADER
fixed length control field 00625nam a22002177a 4500
008 - FIXED-LENGTH DATA ELEMENTS--GENERAL INFORMATION
fixed length control field 131115b xxu||||| |||| 00| 0 eng d
020 ## - INTERNATIONAL STANDARD BOOK NUMBER
International Standard Book Number 0199259534
041 0# - LANGUAGE CODE
Language code of text/sound track or separate title eng
080 ## - UNIVERSAL DECIMAL CLASSIFICATION NUMBER
Universal Decimal Classification number 347
Common auxiliary subdivision (094.4)
245 00 - TITLE STATEMENT
Title Statutes on family law :
Statement of responsibility, etc edited by Mika Oldham
250 ## -
-- 12th edition.
260 ## -
-- United States :
-- Oxford Univeristy Press ;
-- 2003.
300 ## -
-- 495 f. :
-- 22 cm.
490 ## -
-- Blackstone's statutes
500 ## -
-- Preface : f. XI
500 ## -
-- Includes index
650 #0 -
-- E drejta familjare
-- Statute
650 #0 -
-- E drejta ndërkombëtare
700 ## -
-- Mika, Oldham
942 ## - ADDED ENTRY ELEMENTS (KOHA)
Source of classification or shelving scheme
Item type Books
Holdings
Withdrawn status Lost status Source of classification or shelving scheme Damaged status Not for loan Collection code Permanent location Current location Shelving location Date acquired Total Checkouts Full call number Barcode Date last seen Koha item type
          Koleksioni i përgjithshem UBT - Prishtine UBT - Prishtine Koleksioni i përgjithshem 11/15/2013   347 (094.4) STA 001-000359 11/15/2013 Books
UBT Library © 2015-2024. All rights reserved University Education for Business and Technology